Statistics for Full Irish/Ulster Breakfast

Click here to take the quiz!

General Stats

  • This quiz has been taken 42 times
    (33 since last reset)
  • The average score is 11 of 17

Answer Stats

TypeFood% Correct
BothBacon
100%
BothSausage
100%
BothEgg (Fried/Scrambled)
96%
BothFried Tomato
96%
ExtrasBeans
89%
IrishBlack Pudding
89%
BothMushrooms
89%
BothToast
78%
IrishWhite Pudding
74%
ExtrasHash Brown/Potato Hash
59%
UlsterSoda Bread
41%
BothTea
41%
UlsterPotato Bread
37%
ExtrasPancake
22%
ExtrasBoxty
19%
ExtrasWheaten/Brown Soda Bread
15%
UlsterVegetable Roll
11%

Score Distribution

Percentile by Number Answered

Percent of People with Each Score

Your Score History

You have not taken this quiz since the last reset